Online
Catalog

Frutas en República Dominicana / (Record no. 49785)

MARC details
000 -CABECERA
campo de control de longitud fija 01422nam a22003137a 4500
003 - IDENTIFICADOR DEL NÚMERO DE CONTROL
campo de control DO-SdBNP
005 - FECHA Y HORA DE LA ÚLTIMA TRANSACCIÓN
campo de control 20240226135234.0
007 - CAMPO FIJO DE DESCRIPCIÓN FÍSICA--INFORMACIÓN GENERAL
campo de control de longitud fija ta
008 - DATOS DE LONGITUD FIJA--INFORMACIÓN GENERAL
campo de control de longitud fija 210427e2020 dr ao||gr|||| 001 0dspa d
020 ## - NÚMERO INTERNACIONAL ESTÁNDAR DEL LIBRO
Número Internacional Estándar del Libro 9789945918557
040 ## - FUENTE DE LA CATALOGACIÓN
Centro catalogador/agencia de origen DO-SdBNP
Lengua de catalogación spa
Centro/agencia transcriptor BNPHU
041 ## - CÓDIGO DE LENGUA
Código de lengua original spa
082 #4 - NÚMERO DE LA CLASIFICACIÓN DECIMAL DEWEY
Número de clasificación 641.346
Número de documento/Ítem M375f
Número de edición 22
100 1# - ENTRADA PRINCIPAL--NOMBRE DE PERSONA
Nombre de persona Marte, Domingo,
Fechas asociadas al nombre 1939-
9 (RLIN) 10487
245 10 - MENCIÓN DE TÍTULO
Título Frutas en República Dominicana /
Mención de responsabilidad, etc. Domingo Martes ; ilustración Aída de Taveras.
260 ## - PUBLICACIÓN, DISTRIBUCIÓN, ETC.
Lugar de publicación, distribución, etc. Santo Domingo :
Nombre del editor, distribuidor, etc. Junta Agroempresarial Dominicana,
Fecha de publicación, distribución, etc. 2020.
300 ## - DESCRIPCIÓN FÍSICA
Extensión 293 p. [6 p.] :
Otras características físicas il., fots.;
Dimensiones 30 cm.
500 ## - NOTA GENERAL
Nota general Incluye índice de nombres científicos y comunes.
500 ## - NOTA GENERAL
Nota general Incluye glosarios de términos agronómicos y botánicos.
504 ## - NOTA DE BIBLIOGRAFÍA, ETC.
Nota de bibliografía, etc. Bibliografía: p. 99
505 1# - NOTA DE CONTENIDO CON FORMATO
Nota de contenido con formato Presentación.-
505 ## - NOTA DE CONTENIDO CON FORMATO
Nota de contenido con formato Presentación --
Título Agradecimientos--
-- Introducción --
-- Capsulas educativas --
-- Otras frutas --
-- Frutas escondidas
-- Coleccionistas y suplidores de plantas, frutas y semillas --
-- Índice de nombres --
-- Científicos --
-- Comunes --
-- Glosario de términos agronómicos y botánicos. Equivalencias --
-- Acerca del autor --
-- Bibliográfica consultada --
-- Los patrocinadores.
650 #4 - PUNTO DE ACCESO ADICIONAL DE MATERIA--TÉRMINO DE MATERIA
Término de materia o nombre geográfico como elemento de entrada Frutas tropicales
9 (RLIN) 28777
650 #4 - PUNTO DE ACCESO ADICIONAL DE MATERIA--TÉRMINO DE MATERIA
Término de materia o nombre geográfico como elemento de entrada Cultivos tropicales
9 (RLIN) 64409
650 #4 - PUNTO DE ACCESO ADICIONAL DE MATERIA--TÉRMINO DE MATERIA
Término de materia o nombre geográfico como elemento de entrada Frutas
Subdivisión geográfica República Dominicana
9 (RLIN) 78601
700 1# - PUNTO DE ACCESO ADICIONAL--NOMBRE DE PERSONA
Nombre de persona Taveras, Aída de
Término indicativo de función/relación il.
9 (RLIN) 78602
910 ## - DATOS DE OPCIÓN DEL USUARIO (OCLC)
Datos de opción del usuario Validado. Control de calidad MFF
942 ## - ELEMENTOS DE PUNTO DE ACCESO ADICIONAL (KOHA)
Fuente del sistema de clasificación o colocación Dewey Decimal Classification
Tipo de ítem Koha Libro
Holdings
Estado de retiro Estado de pérdida Fuente del sistema de clasificación o colocación Restricciones de uso No para préstamo Código de colección Localización permanente Ubicación/localización actual Ubicación en estantería Fecha de adquisición Fuente de adquisición Total de préstamos Signatura topográfica completa Código de barras Fecha visto por última vez Precio válido a partir de Tipo de ítem Koha Número de copia
    Dewey Decimal Classification Préstamo en sala   Dominicana de Servicio Biblioteca Nacional Pedro Henríquez Ureña General Depósito 27.04.2021     BNPHU DS 641.346 M375f 2021-1597 27.04.2021 27.04.2021 Libro y Folleto Colección Dominicana de Servicio e.3
    Dewey Decimal Classification Excluido de préstamo Excluido de préstamo Patrimonio Dominicano Biblioteca Nacional Pedro Henríquez Ureña Patrimonio Dominicano Depósito 19.04.2021 Depósito legal   BNPHU PD 641.346 M375f 2021-1593 27.04.2021 27.04.2021 Libro y Folleto Colección Patrimonio Dominicano  
    Dewey Decimal Classification Excluido de préstamo Préstamo restrigido Patrimonio Dominicano Biblioteca Nacional Pedro Henríquez Ureña Patrimonio Dominicano Depósito 19.04.2021     BNPHU PD 641.346 M375f 2021-1594 27.04.2021 27.04.2021 Libro y Folleto Colección Patrimonio Dominicano e.2

Powered by Koha